| 000 | 00839nam a22001817a 4500 | ||
|---|---|---|---|
| 005 | 2012031009129.0 | ||
| 020 |
_c207.00 _a8173610568 |
||
| 035 | _aB-226760 | ||
| 037 |
_b _adpl |
||
| 082 | _a301 | ||
| 100 |
_aकर, परिमल बी. _943679 |
||
| 245 | 1 |
_aसमाजशास्त्रः सामाजिक अन्तः क्रियाओं का अध्ययन / _cपरिमल बी.कर |
|
| 260 |
_aनई दिल्ली _bजवाहर पब्लिशर्स एण्ड डिस्ट्रीब्यूटर्स _c2006 |
||
| 270 |
_a _b _e _k |
||
| 300 |
_a712पृ. _c22सेमी (अजिल्द) |
||
| 942 |
_adpl _cHN _k _2ddc _h301 _mकरप |
||
| 999 |
_c63941 _d63941 |
||